000 00395nam a2200109Ia 4500
008 160909s9999 xx 000 0 und d
100 _aBodey, Jason.
245 _aProfiles of high-performing Chinese language immersion students in middle school
260 _bSaint Mary's University of Minnesota
_c2016
650 _aEDUC/SPED
856 _uhttp://pqdtopen.proquest.com/doc/1802891514.html?FMT=ABS
999 _c305077
_d305077